| 000 | 02069nam a2200265 a 4500 | ||
|---|---|---|---|
| 003 | AM-YeHGA | ||
| 040 | _aAM-YeHGA | ||
| 090 | _c441004 | ||
| 005 | 20250617155741.0 | ||
| 008 | 120523m18631879 |||||r|||||000|0|rus|| | ||
| 041 | 1 |
_arus _hgre |
|
| 100 | 0 |
_aПлатон, _d427-347 до н.э. |
|
| 245 | 0 | 0 | _aСочинения Платона, переведенные с греческого и объясненные профессором Карповым |
| 246 | 1 | 3 | _aСочиненiя Платона, переведенныя съ греческаго и объясненныя профессором Карповымъ. |
| 250 | _a2-е изд., испр. и доп. | ||
| 260 |
_aСанкт-Петербург : _aМосква : _bВ тип. духов. журн. "Странник", _bСинод. тип., _c1863-1879. |
||
| 300 |
_aчасть ; _c25 см. |
||
| 505 | 0 | 0 |
_gЧ. 1 (1863, XXX, [2], 448, [1] с.) : _tПротагор; Эвтидем; Лахес; Хармид; Иппиас; Эвтифрон; Апология Сократа _gЧ. 2 (1863, 486 с.) : _tКритон; Федон; Менон; Горгиас; Алкивиад первый; Алкивиад второй _gЧ. 3 (1863, [4], 532 с.) : _tПолитика или Государство _gЧ. 4 (1863, [4], 470 с.) : _tФедр; Пир; Лизис; Иппиас больший; Менексен; Ион; Феаг; Соперники; Иппарх; Клитофон _gЧ. 5 (Москва : Синод. тип., 1879, [4], II, 574, [1] с.) : _tФилеб; Кратил; Теэтет; Софист _gЧ. 6 (Москва : Синод. тип., 1879, [4], 578, II с.) : _tПолитик; Парменид; Тимей; Критиас; Минос; Эриксиас |
| 650 | 1 | 4 |
_aФилософия _xИстория философии |
| 650 | 1 | 4 | _aАнтичная философия |
| 650 | 1 | 4 | _aФилософия Древней Греции |
| 653 | 0 | _aИдеализм Платона | |
| 700 | 1 |
_aКарпов, Василий Николаевич _eпер. _4trl |
|
| 942 |
_2udc _cBK |
||
| 999 |
_c438279 _d438279 |
||